00281nam a2200121Ia 4500008004100000041000900041082001800050100001600068245002000084260003900104300000800143650000800151230718s9999 xx 000 0 und d aEng. a346.02bSIN-L aSingl Avtar 0aLaw of Contract aPakistanbMansor book hauge c2005 a620 aLaw